Mots croisés: Lieux de fiction #2 - Statistiques

Statistiques générales
  • Ce quiz a été pris 888 fois
  • Le résultat moyen est 20 sur 63
Statistiques - réponses
Réponse % Correct
A
92%
A
92%
A
92%
B
92%
K
92%
N
92%
Z
92%
R
71%
O
66%
D
55%
M
55%
O
55%
R
55%
Z
46%
L
43%
A
42%
D
42%
E
42%
E
42%
E
42%
L
42%
N
42%
M
35%
O
34%
A
33%
C
33%
E
33%
L
33%
T
33%
O
29%
A
28%
N
28%
W
28%
E
23%
O
23%
D
22%
N
22%
R
22%
M
9%
U
8%
A
6%
S
6%
B
5%
E
5%
H
5%
I
5%
I
5%
L
5%
T
5%
E
4%
I
4%
L
4%
P
4%
R
4%
T
4%
A
3%
A
3%
A
3%
E
3%
G
3%
I
3%
L
3%
Bourg Palette
1%
Aucun quiz correspondant
Distribution des résultats
% des personnes avec chaque résultat
Percentile par nombre de réponses
Votre historique - résultats
Vous n’avez pas pris ce quiz